The contemporary Science Series / (Record no. 193769)
[ view plain ]
| 000 -LEADER | |
|---|---|
| fixed length control field | 00385 a2200145 4500 |
| 003 - CONTROL NUMBER IDENTIFIER | |
| control field | NUST |
| 005 - DATE AND TIME OF LATEST TRANSACTION | |
| control field | 20221205181614.0 |
| 040 ## - CATALOGING SOURCE | |
| Transcribing agency | Nust |
| 082 ## - DEWEY DECIMAL CLASSIFICATION NUMBER | |
| Classification number | 152.4,PRY |
| 100 ## - MAIN ENTRY--PERSONAL NAME | |
| Personal name | the Psychology of the Emotions |
| 9 (RLIN) | 104167 |
| 245 ## - TITLE STATEMENT | |
| Title | The contemporary Science Series / |
| Statement of responsibility, etc. | the Psychology of the Emotions |
| 300 ## - PHYSICAL DESCRIPTION | |
| Extent | 455p .: |
| 505 ## - FORMATTED CONTENTS NOTE | |
| Formatted contents note | Contents not available |
| 942 ## - ADDED ENTRY ELEMENTS (KOHA) | |
| Source of classification or shelving scheme | |
| Koha item type | Book |
| Call number prefix | 152.4,PRY |
| Withdrawn status | Lost status | Source of classification or shelving scheme | Damaged status | Not for loan | Permanent Location | Current Location | Shelving location | Date acquired | Full call number | Barcode | Date last seen | Price effective from | Koha item type | Public note |
|---|---|---|---|---|---|---|---|---|---|---|---|---|---|---|
| Military College of Signals (MCS) | Military College of Signals (MCS) | General Stacks | 12/12/2016 | 152.4,PRY | MCS79 | 12/08/2016 | 12/12/2016 | Book | Almirah No.46, Shelf No.4 |
